[Event "Krasnodar Region-ch U18"]
[Site "Bzhid"]
[Date "2013.03.07"]
[Round "6"]
[White "Piskunov, Ivan"]
[Black "Gorinov, Ilya"]
[Result "1/2-1/2"]
[WhiteElo "1950"]
[BlackElo "1914"]
[PlyCount "80"]
[EventDate "2013.03.02"]
[EventType "tourn"]
[EventRounds "9"]
[EventCountry "RUS"]
[SourceTitle "EXT 2015"]
[Source "ChessBase"]
[SourceDate "2014.11.20"]
[SourceVersion "1"]
[SourceVersionDate "2014.11.20"]
[SourceQuality "1"]

1. d4 d5 2. c4 Nc6 3. Nf3 Bg4 4. e3 e6 5. Be2 Nf6 6. 0-0 dxc4 7. h3 Bh5 8. Bxc4 Bd6 9. Nc3 0-0 10. Be2 a6 11. Nd2 Bxe2 12. Qxe2 e5 13. dxe5 Nxe5 14. Nde4 Nxe4 15. Nxe4 Qd7 16. Nxd6 Qxd6 17. Rd1 Qe6 18. b3 Rfd8 19. Bb2 c6 20. Rac1 f6 21. Bc3 Nf7 22. Bb4 Rxd1+ 23. Rxd1 Rd8 24. Rxd8+ Nxd8 25. Qd3 Nf7 26. Qd4 h6 27. Qd3 Qd5 28. Qxd5 cxd5 29. Kf1 Nd8 30. Ke2 Nc6 31. Bc5 Kf7 32. g4 g6 33. Kd2 Ke6 34. f4 h5 35. Kd3 hxg4 36. hxg4 f5 37. gxf5+ gxf5 38. Kc3 b5 39. Kd2 Kf7 40. Kc3 Ke6 1/2-1/2

[Event "Sochi Meetings op"]
[Site "Sochi"]
[Date "2012.07.29"]
[Round "8.6"]
[White "Piskunov, Ivan"]
[Black "Fedotov, Ivan"]
[Result "1/2-1/2"]
[WhiteElo "1942"]
[BlackElo "2090"]
[PlyCount "125"]
[EventDate "2012.07.24"]
[EventType "swiss"]
[EventRounds "9"]
[EventCountry "RUS"]
[SourceTitle "EXT 2022"]
[Source "ChessBase"]
[SourceDate "2021.10.06"]
[SourceVersion "1"]
[SourceVersionDate "2021.10.06"]
[SourceQuality "1"]

1. Nf3 Nf6 2. c4 c5 3. Nc3 e6 4. g3 b6 5. Bg2 Bb7 6. 0-0 Be7 7. Re1 d6 8. e4 a6 9. d4 cxd4 10. Nxd4 Qc7 11. b3 Nbd7 12. Bb2 0-0 13. Rc1 Rac8 14. f4 Qb8 15. f5 e5 16. Nc2 Nc5 17. Nb4 Qa8 18. Qe2 b5 19. Nbd5 Bxd5 20. Nxd5 Nxd5 21. cxd5 Bg5 22. Rc2 Nd7 23. Bc1 Rxc2 24. Qxc2 Rc8 25. Qb2 Qa7+ 26. Kh1 Bxc1 27. Rxc1 Rxc1+ 28. Qxc1 Qc5 29. Qxc5 Nxc5 30. Kg1 b4 31. Kf1 g6 32. fxg6 hxg6 33. Ke2 Kg7 34. Ke3 Kf6 35. Bf3 Kg5 36. h4+ Kh6 37. g4 a5 38. Bd1 Kg7 39. Bc2 Nd7 40. Kd3 Nb6 41. Ke3 f6 42. Kf2 Kh6 43. Bd1 f5 44. g5+ Kg7 45. Ke3 Nd7 46. Bc2 f4+ 47. Kf3 Nc5 48. Ke2 Kf7 49. Kf3 Ke7 50. Kg4 Na6 51. Bd3 Nc7 52. Bc4 Ne8 53. Be2 Ng7 54. Kh3 Kd8 55. Kg2 Kc7 56. Bf3 Kb6 57. Kf2 Kc5 58. Ke2 Kd4 59. Kd2 Kc5 60. Kd3 Kb5 61. Bd1 Ne8 62. Bg4 Ng7 63. Bd7+ 1/2-1/2

[Event "Sochi Meetings op"]
[Site "Sochi"]
[Date "2012.07.28"]
[Round "7.8"]
[White "Khodarchenko, Vasily"]
[Black "Piskunov, Ivan"]
[Result "0-1"]
[WhiteElo "1822"]
[BlackElo "1942"]
[PlyCount "116"]
[EventDate "2012.07.24"]
[EventType "swiss"]
[EventRounds "9"]
[EventCountry "RUS"]
[SourceTitle "EXT 2022"]
[Source "ChessBase"]
[SourceDate "2021.10.06"]
[SourceVersion "1"]
[SourceVersionDate "2021.10.06"]
[SourceQuality "1"]

1. e4 e6 2. d4 d5 3. Nc3 Nf6 4. Bg5 Be7 5. e5 Nfd7 6. Bxe7 Qxe7 7. f4 a6 8. Qg4 f6 9. 0-0-0 c5 10. Nf3 Nc6 11. dxc5 fxe5 12. fxe5 Ncxe5 13. Nxe5 Nxe5 14. Qd4 Nc6 15. Qf2 Qg5+ 16. Kb1 Bd7 17. Be2 0-0-0 18. Na4 Rhf8 19. Nb6+ Kb8 20. Qg3+ Qxg3 21. hxg3 h6 22. Bg4 Kc7 23. Nxd7 Kxd7 24. Rxd5+ Ke7 25. Rxd8 Rxd8 26. Re1 e5 27. c3 Rd2 28. Bf3 Ke6 29. Kc1 Rd8 30. b4 Kf5 31. Rf1 e4 32. Be2+ Kg6 33. Rf4 Re8 34. Bc4 Re5 35. Kd2 Ne7 36. Rg4+ Kf6 37. Rf4+ Kg6 38. Be2 Nd5 39. Rf8 Nf6 40. c4 Re7 41. Ke3 Kf5 42. a4 Rc7 43. a5 Ke5 44. Rd8 Rc6 45. Rb8 Rc7 46. b5 axb5 47. cxb5 Nd5+ 48. Kd2 Kd4 49. c6 bxc6 50. b6 Rd7 51. a6 Nxb6 52. Bg4 Nc4+ 53. Ke2 Ra7 54. Bc8 Nd6 55. Bb7 Nxb7 56. axb7 Kc5 57. Ke3 Kb6 58. Kxe4 Rxb7 0-1

[Event "Sochi Lazarevskoe op"]
[Site "Sochi"]
[Date "2012.06.18"]
[Round "5"]
[White "Piskunov, Ivan"]
[Black "Perekrestov, Viktor"]
[Result "1/2-1/2"]
[WhiteElo "1933"]
[BlackElo "1926"]
[PlyCount "69"]
[EventDate "2012.06.14"]
[EventType "swiss"]
[EventRounds "9"]
[EventCountry "RUS"]
[SourceTitle "EXT 2013"]
[Source "ChessBase"]
[SourceDate "2012.11.22"]
[SourceVersion "1"]
[SourceVersionDate "2012.11.22"]
[SourceQuality "1"]

1. d4 d5 2. c4 c6 3. Nf3 Nd7 4. Qc2 dxc4 5. Qxc4 Ngf6 6. Nc3 Nb6 7. Qd3 g6 8. e4 Bg7 9. Be2 0-0 10. 0-0 Qc7 11. Qc2 Bg4 12. Be3 Rad8 13. Rfd1 Rc8 14. Rac1 Rfd8 15. h3 Bxf3 16. Bxf3 Nc4 17. Bg5 Rd7 18. Bxf6 Bxf6 19. Bg4 e6 20. e5 Bg5 21. Ne4 Bxc1 22. Qxc1 Nxe5 23. Qh6 f5 24. Nf6+ Kh8 25. dxe5 Rg7 26. Bf3 Qxe5 27. Qg5 Rf7 28. Nd7 Qxb2 29. Rd2 Qb1+ 30. Kh2 Rxd7 31. Qf6+ Rg7 32. Rd8+ Rxd8 33. Qxd8+ Rg8 34. Qf6+ Rg7 35. Qd8+ 1/2-1/2

[Event "South FR-ch U16"]
[Site "Loo"]
[Date "2011.11.09"]
[Round "8"]
[White "Piskunov, Ivan"]
[Black "Oganian, Miran1"]
[Result "0-1"]
[WhiteElo "1918"]
[BlackElo "2210"]
[PlyCount "86"]
[EventDate "2011.11.02"]
[EventType "swiss"]
[EventRounds "9"]
[EventCountry "RUS"]
[SourceTitle "EXT 2023"]
[Source "ChessBase"]
[SourceDate "2022.10.05"]
[SourceVersion "1"]
[SourceVersionDate "2022.10.05"]
[SourceQuality "1"]

1. d4 Nf6 2. c4 c5 3. Nf3 cxd4 4. Nxd4 e5 5. Nc2 d5 6. cxd5 Qxd5 7. Qxd5 Nxd5 8. e4 Nc7 9. Nc3 Be6 10. Be3 Bd6 11. Be2 Ke7 12. f3 Nd7 13. Kf2 Nb6 14. b3 Rhc8 15. Rac1 Nd7 16. Ne1 a6 17. Nd3 Ba3 18. Rb1 Nb5 19. Nxb5 axb5 20. Bc1 Bd6 21. Rb2 Rc6 22. Be3 Rca6 23. Ra1 Ra3 24. Bd1 f6 25. Bd2 Nc5 26. Nxc5 Bxc5+ 27. Be3 b6 28. Ke2 Kd6 29. Bc2 Kc6 30. Bd1 Kb7 31. Bc2 g5 32. g4 h5 33. h3 hxg4 34. hxg4 Rd8 35. Rd1 Rda8 36. Bb1 Rh8 37. Rf1 Rh2+ 38. Bf2 Ra8 39. Ke1 Bb4+ 40. Kd1 Rd8+ 41. Kc1 Ba3 42. Bc2 Bxb2+ 43. Kxb2 Rd2 0-1

[Event "South FR-ch U16"]
[Site "Loo"]
[Date "2011.11.03"]
[Round "2"]
[White "Piskunov, Ivan"]
[Black "Petrov, Nikita"]
[Result "0-1"]
[WhiteElo "1918"]
[BlackElo "2166"]
[PlyCount "106"]
[EventDate "2011.11.02"]
[EventType "swiss"]
[EventRounds "9"]
[EventCountry "RUS"]
[SourceTitle "EXT 2023"]
[Source "ChessBase"]
[SourceDate "2022.10.05"]
[SourceVersion "1"]
[SourceVersionDate "2022.10.05"]
[SourceQuality "1"]

1. d4 e6 2. c4 b6 3. e4 Bb7 4. Nc3 Bb4 5. Qc2 Qh4 6. d5 f5 7. exf5 exd5 8. cxd5 Nf6 9. Be2 Bxd5 10. Nf3 Qe4 11. Qd1 Bxc3+ 12. bxc3 Bc4 13. Nd2 Qxe2+ 14. Qxe2+ Bxe2 15. Kxe2 0-0 16. f3 Nc6 17. Ba3 d6 18. g4 Rae8+ 19. Kd3 Nd5 20. Rae1 Nf4+ 21. Kc2 Ng2 22. Rxe8 Rxe8 23. Ne4 h6 24. Bc1 d5 25. Ng3 Ne1+ 26. Kd1 Nxf3 27. Bf4 Nfe5 28. Re1 Kf7 29. h3 Nd3 30. Rxe8 Kxe8 31. Be3 Nce5 32. Bd4 c5 33. Bxe5 Nxe5 34. Ke2 b5 35. Nh5 Kf7 36. Nf4 d4 37. cxd4 cxd4 38. Ne6 d3+ 39. Ke3 a5 40. Nd4 b4 41. Nb3 a4 42. Nd2 b3 43. axb3 a3 44. b4 a2 45. Nb3 Ke7 46. Kd2 Kd6 47. b5 Kc7 48. h4 Nxg4 49. Kxd3 Kb6 50. Kc3 Ne3 51. Kb2 Nxf5 52. Kxa2 Kxb5 53. Kb2 Nxh4 0-1

[Event "Sochi op"]
[Site "Sochi"]
[Date "2011.06.18"]
[Round "2"]
[White "Piskunov, Ivan"]
[Black "Barsegian, Ararat"]
[Result "0-1"]
[WhiteElo "1933"]
[BlackElo "2154"]
[PlyCount "70"]
[EventDate "2011.06.17"]
[EventType "swiss"]
[EventRounds "9"]
[EventCountry "RUS"]
[SourceTitle "EXT 2012"]
[Source "ChessBase"]
[SourceDate "2011.11.24"]
[SourceVersion "1"]
[SourceVersionDate "2011.11.24"]
[SourceQuality "1"]

1. d4 Nc6 2. Nf3 d6 3. e4 Nf6 4. Bd3 Bg4 5. c3 e6 6. Be3 Be7 7. Nbd2 0-0 8. 0-0 d5 9. e5 Nd7 10. h3 Bh5 11. Re1 Ncb8 12. b4 b6 13. Qb1 Bg6 14. a4 a6 15. a5 b5 16. Qc2 Nc6 17. Rab1 Re8 18. Nf1 Bxd3 19. Qxd3 f6 20. Bf4 f5 21. N3h2 g5 22. Bd2 Nf8 23. f4 gxf4 24. Bxf4 Ng6 25. g3 Bg5 26. Qe3 Bxf4 27. gxf4 Qh4 28. Qg3 Qxf4 29. Qxf4 Nxf4 30. h4 Kf7 31. Re3 Rg8+ 32. Kf2 Nh5 33. Ng3 f4 34. Rf3 Rxg3 35. Rxf4+ Ke7 0-1